000 00337 a2200133 4500
999 _c13161
_d13161
003 OSt
005 20250214175818.0
008 250214b ||||| |||| 00| 0 eng d
020 _a9788179935378
100 _aKUMAR, TM VINOD
245 _aGEOGRAPHIC INFORMATION SYSTEM FOR SMART CITIES
260 _bNEW DWLHI COPAL
_c2014
942 _2ddc